000 00864nam a2200301Ia 4500
005 20250425162636.0
008 250425s9999 xx 000 0 und d
020 _a9789567119738
041 _aspa
043 _acl
082 _a658.404
100 _aSAPAG CHAÍN, NASSIR
245 0 _aRENTABILIDAD Y EFICACIA EN SALUD UNA TAREA POSIBLE PROYECTO DE INVERSION: FORMULACION Y EVALUACION
250 _a1A ED.
260 _aChile
_bCOPYGRAPH
_c2015
260 _aSANTIAGO DE CHILE
300 _a303
500 _aDONADO POR LA DR. BESSIE MAGALLANES
650 _aANALISIS DE COSTOS-FINANZAS
650 _aANALISIS DE COSTOS-FINANZAS
650 _aANALISIS DE MERCADO
650 _aANALISIS DE MERCADO
650 _aEVALUACION DE RIESGOS
650 _aEVALUACION DE RIESGOS
710 _aNASSIR SAPAG CHAIN
942 _c01
010 _a92846
999 _c233430
_d233430